Summa (Record no. 2271)

MARC details
000 -LEADER
campo de control de longitud fija 01106nas a2200325 i 4500
001 - NÚMERO DE CONTROL
campo de control 2271
003 - IDENTIFICADOR DE NÚMERO DE CONTROL
campo de control ES-MaACL
005 - FECHA Y HORA DE LA ÚLTIMA TRANSACCIÓN
campo de control 20250724062602.0
007 - CAMPO FIJO DE DESCRIPCIÓN FÍSICA--INFORMACIÓN GENERAL
campo de control de longitud fija t|
008 - DATOS DE LONGITUD FIJA--INFORMACIÓN GENERAL
campo de control de longitud fija 950801d19151916sp s|yp | ||pa d
022 ## - NÚMERO INTERNACIONAL NORMALIZADO PARA PUBLICACIONES SERIADAS
Número Internacional Normalizado para Publicaciones Seriadas 1888-8240
080 ## - NÚMERO DE LA CLASIFICACIÓN DECIMAL UNIVERSAL
Número de la Clasificación Decimal Universal 460
080 ## - NÚMERO DE LA CLASIFICACIÓN DECIMAL UNIVERSAL
Número de la Clasificación Decimal Universal 008
245 00 - MENCIÓN DEL TÍTULO
Título Summa
Resto del título : revista selecta ilustrada quincenal /
Mención de responsabilidad, etc. [dir., Salvador Martínez Cuenca].
246 3# - FORMA VARIANTE DEL TITULO
Título propio/Titulo breve Summa (Madrid. 1915)
260 ## - PUBLICACIÓN, DISTRIBUCIÓN, ETC.
Lugar de publicación, distribución, etc. Madrid :
Nombre del editor, distribuidor, etc. Summa,
Fecha de publicación, distribución, etc. 1915-1916 (
Fabricante Graf. Mateu)
300 ## - DESCRIPCIÓN FÍSICA
Extensión 1 v. :
Otras características físicas il., grab. ;
Dimensiones 24 cm.
310 ## - PERIODICIDAD ACTUAL
Periodicidad actual Quincenal
362 0# - FECHAS DE PUBLICACIÓN Y/O DESIGNACIÓN SECUENCIAL
Fecha de publicación y/o designación secuencial Año 1, n. 1 (15 oct. 1915)-año 2, n. 15 (15 mayo 1916)
530 ## - NOTA DISPONIBLE DE FORMULARIO FÍSICO ADICIONAL
Nota de formato físico adicional disponible Disponible en formato digital.
594 ## - Nota al título y mención de responsabilidad
Nota al título y mención de responsabilidad Redactor-jefe: Bernardo G. de Candamo.
650 14 - PUNTO DE ACCESO ADICIONAL DE MATERIA--TÉRMINO DE MATERIA
Término de materia o nombre geográfico como elemento de entrada Revistas de información general.
9 (RLIN) 16896
650 #7 - PUNTO DE ACCESO ADICIONAL DE MATERIA--TÉRMINO DE MATERIA
Término de materia o nombre geográfico como elemento de entrada Cultura
Fuente del encabezamiento o término embne
9 (RLIN) 170963
700 1# - ENTRADA AGREGADA--NOMBRE PERSONAL
Nombre de persona Martínez Cuenca, Salvador.
9 (RLIN) 77964
700 1# - ENTRADA AGREGADA--NOMBRE PERSONAL
Nombre de persona Candamo, Bernardo G. de,
Fechas asociadas al nombre 1881-1967
9 (RLIN) 34440
852 ## - LOCALIZACIÓN
Ubicación ES-MaACL
Número de control de estantería Hem-908
856 ## - LOCALIZACIÓN Y ACCESO ELECTRÓNICOS
Identificador Uniforme de Recursos <a href="http://hemerotecadigital.bne.es/details.vm?o=&w=1888-8240&f=issn&l=500">http://hemerotecadigital.bne.es/details.vm?o=&w=1888-8240&f=issn&l=500</a>
Nota pública Hemeroteca Digital
866 #0 - MENCIÓN TEXTUAL DE FONDOS--UNIDAD BIBLIOGRÁFICA BÁSICA
Fondos 1915-16.
Holdings
Estatus retirado Estado de pérdida Estado de daño No para préstamo Colección Biblioteca de origen Biblioteca actual Ubicación en estantería Fecha de adquisición Fuente de adquisición Total de préstamos Signatura topográfica completa Código de barras Visto por última vez Precio de reemplazo Tipo de ítem Koha
        Colección digital Biblioteca del Ateneo de Madrid Biblioteca del Ateneo de Madrid Depósito 1 17/01/2008     Hem-908 1002311 23/02/2023 23/02/2023 Revista